Marketing research : (Record no. 14280)
[ view plain ]
| 000 -LEADER | |
|---|---|
| fixed length control field | 01160cam a22003254a 4500 |
| 001 - CONTROL NUMBER | |
| JCCL Control Number | 14280 |
| 003 - CONTROL NUMBER IDENTIFIER | |
| JCCL marc code | BD-JhCC |
| 005 - DATE AND TIME OF LATEST TRANSACTION | |
| control field | 20250226114618.0 |
| 008 - FIXED-LENGTH DATA ELEMENTS--GENERAL INFORMATION | |
| fixed length control field | 041101s2006 maua b 001 0 eng |
| 020 ## - INTERNATIONAL STANDARD BOOK NUMBER | |
| International Standard Book Number | 0072830875 (alk. paper) |
| 035 ## - SYSTEM CONTROL NUMBER | |
| system control number | (BD-JhCC)14280 |
| 040 ## - CATALOGING SOURCE | |
| Original cataloging agency | DLC |
| Transcribing agency | DLC |
| Modifying agency | DLC |
| 041 ## - LANGUAGE CODE | |
| Language code of Book | english |
| 050 00 - LIBRARY OF CONGRESS CALL NUMBER | |
| Classification number | HF5415.2 |
| Item number | .H258 2006 |
| 082 00 - DEWEY DECIMAL CLASSIFICATION NUMBER | |
| Classification number | 658.83 |
| DDC Edition number | 22 |
| Author mark and Year | JOS 2006 |
| 100 1# - MAIN ENTRY--PERSONAL NAME | |
| Personal name | Hair, Joseph F. |
| 245 10 - TITLE STATEMENT | |
| Title | Marketing research : |
| Remainder of title | within a changing information environment / |
| Statement of responsibility, etc | Joseph F. Hair, Jr., Robert P. Bush, David J. Ortinau. |
| 250 ## - EDITION STATEMENT | |
| Edition statement | 3rd ed. |
| 260 ## - PUBLICATION, DISTRIBUTION, ETC. (IMPRINT) | |
| Place of publication, distribution, etc | Boston, Mass. : |
| Name of publisher, distributor, etc | McGraw-Hill/Irwin, |
| Date of publication, distribution, etc | 2006. |
| 300 ## - PHYSICAL DESCRIPTION | |
| Pagination | xxvii, 700 p. |
| Other physical details | col. ill. |
| Dimensions | 26 cm. |
| 440 #0 - | |
| Title | McGraw-Hill/Irwin series in marketing |
| 504 ## - BIBLIOGRAPHY, ETC. NOTE | |
| Bibliography, etc | Includes bibliographical references (p. 669-677) and indexes. |
| 650 #0 - SUBJECT ADDED ENTRY--TOPICAL TERM | |
| Topical term or geographic name as entry element | Marketing research. |
| 700 1# - ADDED ENTRY--PERSONAL NAME | |
| Personal name | Bush, Robert P. |
| 700 1# - ADDED ENTRY--PERSONAL NAME | |
| Personal name | Ortinau, David J. |
| 856 42 - ELECTRONIC LOCATION AND ACCESS | |
| Materials specified | Publisher description |
| Uniform Resource Identifier | http://www.loc.gov/catdir/enhancements/fy0619/2004061113-d.html |
| 856 41 - ELECTRONIC LOCATION AND ACCESS | |
| Materials specified | Table of contents only |
| Uniform Resource Identifier | http://www.loc.gov/catdir/enhancements/fy0619/2004061113-t.html |
| 942 ## - ADDED ENTRY ELEMENTS (KOHA) | |
| Source of classification or shelving scheme | Dewey Decimal Classification |
| Koha item type | Books |
| Source of classification or shelving scheme | Damaged status | Not for loan | Home library | Current library | Shelving location | Date of accession | Source of acquisition | Total Checkouts | Full call number | Barcode | Date last seen | Copy number | Method of acquisition | Koha item type | Currency |
|---|---|---|---|---|---|---|---|---|---|---|---|---|---|---|---|
| Dewey Decimal Classification | JCC Rouf Library | JCC Rouf Library | General Stacks | With the compliments of Shahriar Imtiaz Rahman,27/1483/K | 658.83 JOS 2006 | 19875 | 02/26/2025 | C-1 | Gift/Donation | Books | BDT |